Guess the cities! - Statistics

General Stats
  • This quiz has been taken 697 times
    11 since last reset
  • The average score is 19 of 24
Answer Stats
Picture Answer % Correct
Chicago
100%
London
100%
New York City
100%
Paris
100%
Rio de Janeiro
100%
Rome
100%
San Francisco
100%
Sydney
100%
Washington DC
100%
Beijing
89%
Berlin
89%
Dubai
89%
Moscow
89%
Venice
89%
Amsterdam
78%
Istanbul
78%
Los Angeles
78%
Budapest
67%
Kuala Lumpur
67%
Shanghai
67%
Florence
56%
Havana
56%
Mecca
44%
Manama
11%
No matching quizzes found
Score Distribution
Percent of People with Each Score
Percentile by Number Answered
Your Score History
You have not taken this quiz since the last reset